|
|
|
|
| LEADER |
01566nam a2200325 a 4500 |
| 001 |
00025305 |
| 003 |
BD-DhAAL |
| 005 |
20230207164054.0 |
| 008 |
120604s2009 bg 000 1 ben |
| 020 |
|
|
|a 9841104653
|
| 020 |
|
|
|a 9789841107161
|
| 040 |
|
|
|a BD-DhAAL
|c BD-DhAAL
|
| 041 |
|
|
|a ben
|
| 082 |
0 |
0 |
|a 891.44371
|2 22
|
| 100 |
1 |
|
|a আহমদ, আবুল মনসুর
|
| 245 |
1 |
0 |
|a আত্মকথা /
|c আবুল মনসুর আহমদ
|
| 246 |
|
|
|a Atmakatha
|
| 260 |
|
|
|a ঢাকা :
|b আহমদ পাবলিশিং হাউস,
|c c২০০৯ [চতুর্থ মুদ্রণ ২০১৯]
|
| 300 |
|
|
|a ৩৬০ পৃষ্ঠা,
|a ৪০৮ পৃষ্ঠা ;
|c ২২ সে.মি.
|
| 526 |
|
|
|a GenEd (Residential Campus)
|
| 541 |
|
|
|a Development Book Agency
|e 00025305, 40769
|
| 600 |
1 |
0 |
|a Ahmed, Abul Mansoor.
|9 53575
|
| 650 |
|
0 |
|a Bangladesh
|v Fiction.
|
| 650 |
|
0 |
|a Bengali literature.
|
| 852 |
4 |
|
|a Ayesha Abed Library
|j General shelf.
|
| 942 |
|
|
|2 ddc
|c BK
|
| 999 |
|
|
|c 12361
|d 12361
|
| 952 |
|
|
|0 0
|1 0
|2 ddc
|4 0
|6 891_443710000000000_AHM
|7 0
|9 20439
|a BDI
|b BDI
|c GEN
|d 2012-06-05
|l 0
|o 891.44371 AHM
|p 3050025305
|r 2012-06-05
|t 1
|w 2012-06-05
|y BK
|x Available
|
| 952 |
|
|
|0 0
|1 0
|2 ddc
|4 0
|6 891_443710000000000_AHM
|7 0
|9 56378
|a SCL
|b SCL
|c GEN
|d 2015-10-20
|g 400.00
|l 1
|m 2
|o 891.44371 AHM
|p 3020007509
|r 2024-04-21
|s 2024-03-06
|t 2
|w 2015-10-20
|y BK
|
| 952 |
|
|
|0 0
|1 0
|2 ddc
|4 0
|6 891_443710000000000_AHM
|7 0
|9 72931
|a SCL
|b SCL
|c GEN
|d 2023-01-15
|e Development Book Agency
|g 425.00
|l 0
|o 891.44371 AHM
|p 3020040769
|r 2023-01-15
|t 3
|v 425.00
|w 2023-01-15
|y BK
|